[Event "Einhausen Ried op 5th"]
[Site "Einhausen"]
[Date "2010.04.29"]
[Round "1"]
[White "Chernov, Vadim A"]
[Black "Auburger, Kristin"]
[Result "1-0"]
[WhiteElo "2437"]
[BlackElo "1885"]
[PlyCount "63"]
[EventDate "2010.04.29"]
[EventType "swiss"]
[EventRounds "7"]
[EventCountry "GER"]
[SourceTitle "CBM 136 Extra"]
[Source "ChessBase"]
[SourceDate "2010.07.02"]
[SourceVersion "2"]
[SourceVersionDate "2010.07.15"]
[SourceQuality "1"]

1. e4 d5 2. exd5 Qxd5 3. Nc3 Qa5 4. d4 c6 5. Bc4 Bf5 6. Bd2 e6 7. g4 Bg6 8. f4 Be7 9. h4 h5 10. f5 exf5 11. g5 Qc7 12. Qf3 Bd6 13. 0-0-0 Ne7 14. Nh3 Nd7 15. Bf4 0-0-0 16. Bxd6 Qxd6 17. Nf4 Nb6 18. Bb3 Kb8 19. Rhe1 Rd7 20. Nd3 Ned5 21. Ne2 Qc7 22. c4 Ne7 23. Ne5 Rdd8 24. Nf4 Nbc8 25. c5 Rdf8 26. Bc4 a6 27. Re3 b5 28. Bb3 a5 29. d5 cxd5 30. Bxd5 Qxc5+ 31. Rc3 Qa7 32. Bxf7 1-0

[Event "Oberliga Sued W 0506"]
[Site "Germany"]
[Date "2006.04.02"]
[Round "9.7"]
[White "Rheinwalt, Tobias"]
[Black "Auburger, Kristin"]
[Result "1-0"]
[WhiteElo "2151"]
[BlackElo "1798"]
[PlyCount "73"]
[EventDate "2005.10.23"]
[EventType "team-tourn"]
[EventRounds "9"]
[EventCountry "GER"]
[SourceTitle "EXT 2007"]
[Source "ChessBase"]
[SourceDate "2006.11.23"]
[SourceVersion "1"]
[SourceVersionDate "2006.11.23"]
[SourceQuality "1"]
[WhiteTeam "Landau"]
[BlackTeam "Mutterstadt"]
[WhiteTeamCountry "GER"]
[BlackTeamCountry "GER"]

1. e4 d5 2. d4 dxe4 3. Nc3 Nf6 4. f3 Bf5 5. fxe4 Nxe4 6. Qf3 Nd6 7. Bf4 Qc8 8. Qf2 e6 9. Nf3 Be7 10. Rg1 Ne4 11. Qe3 Nxc3 12. Qxc3 c6 13. g4 Be4 14. 0-0-0 Bxf3 15. Qxf3 Qd8 16. Kb1 Bd6 17. Bd3 Bxf4 18. Qxf4 Nd7 19. Rdf1 Qe7 20. Rg3 Nf6 21. Rgf3 Rf8 22. g5 Nd5 23. Qe5 g6 24. Qg7 f5 25. gxf6 Nxf6 26. Qh6 0-0-0 27. Qh4 g5 28. Qxg5 Rd5 29. Rxf6 Kd7 30. Qxd5+ cxd5 31. Rxf8 Qh4 32. R8f7+ Kc6 33. c3 Qxh2 34. Rxh7 Qg2 35. Rff7 Qd2 36. Rc7+ Kb6 37. Rxb7+ 1-0

[Event "RLP-ch MTB 24th"]
[Site "Kaiserslautern"]
[Date "2005.??.??"]
[Round "4"]
[White "Auburger, Kristin"]
[Black "Haag, Guenter"]
[Result "1-0"]
[WhiteElo "1660"]
[BlackElo "2100"]
[PlyCount "51"]
[EventDate "2005.??.??"]
[EventType "swiss"]
[EventRounds "7"]
[EventCountry "GER"]
[SourceTitle "EXT 2009"]
[Source "ChessBase"]
[SourceDate "2008.11.26"]
[SourceVersion "1"]
[SourceVersionDate "2008.11.26"]
[SourceQuality "1"]
[BlackTeam "Schwarzenbach"]
[BlackTeamCountry "GER"]

1. d4 d5 2. c4 e5 3. dxe5 d4 4. Nf3 Nc6 5. a3 Be6 6. Nbd2 Nge7 7. b4 Ng6 8. Bb2 Ngxe5 9. Rc1 Bg4 10. Qb3 Qd7 11. h3 Bxf3 12. Nxf3 0-0-0 13. Nxe5 Nxe5 14. Rd1 c5 15. e3 Qe6 16. Be2 d3 17. Bxe5 dxe2 18. Rxd8+ Kxd8 19. Qd3+ Kc8 20. Bc3 Bd6 21. Qxe2 f5 22. 0-0 Qe7 23. Qb2 Rg8 24. Rd1 g5 25. Rd5 f4 26. Be5 1-0

[Event "GER-chT Lands U20"]
[Site "Bad Sulza"]
[Date "2004.11.19"]
[Round "7.5"]
[White "Mass, Elvira"]
[Black "Auburger, Kristin"]
[Result "1-0"]
[WhiteElo "1986"]
[BlackElo "1681"]
[PlyCount "45"]
[EventDate "2004.11.15"]
[EventType "team-swiss"]
[EventRounds "7"]
[EventCountry "GER"]
[SourceTitle "EXT 2006"]
[Source "ChessBase"]
[SourceDate "2005.11.24"]
[SourceVersion "1"]
[SourceVersionDate "2005.11.24"]
[SourceQuality "1"]

1. e4 d5 2. exd5 Qxd5 3. Nc3 Qa5 4. d4 c6 5. Bc4 Bf5 6. Bd2 e6 7. d5 cxd5 8. Nxd5 Qd8 9. Qe2 Ne7 10. Ne3 Bg6 11. f4 Nf5 12. Nxf5 Bxf5 13. 0-0-0 h5 14. h3 h4 15. Nf3 Nc6 16. Bc3 Qc7 17. Ne5 Nxe5 18. Bxe5 Qc8 19. Bb5+ Ke7 20. Rd7+ Qxd7 21. Bxd7 f6 22. Bc3 Kf7 23. Re1 1-0

[Event "GER-chT Lands U20"]
[Site "Bad Sulza"]
[Date "2004.11.17"]
[Round "4.5"]
[White "Hoolt, Sarah"]
[Black "Auburger, Kristin"]
[Result "1-0"]
[WhiteElo "2034"]
[BlackElo "1681"]
[PlyCount "83"]
[EventDate "2004.11.15"]
[EventType "team-swiss"]
[EventRounds "7"]
[EventCountry "GER"]
[SourceTitle "EXT 2006"]
[Source "ChessBase"]
[SourceDate "2005.11.24"]
[SourceVersion "1"]
[SourceVersionDate "2005.11.24"]
[SourceQuality "1"]

1. e4 d5 2. Nc3 dxe4 3. Nxe4 Qd5 4. Qf3 Nc6 5. c3 e5 6. Ng3 Qxf3 7. Nxf3 a6 8. Bc4 h6 9. 0-0 Bg4 10. Nxe5 Nxe5 11. Re1 f6 12. d4 0-0-0 13. dxe5 fxe5 14. f3 Bd7 15. Rxe5 Bd6 16. Re2 Kb8 17. Ne4 Be7 18. Be3 Bc6 19. Nc5 Bf6 20. Ne6 Rc8 21. Rae1 Ne7 22. Bd4 Ng6 23. Bxf6 gxf6 24. Bd3 Ne5 25. Bf5 Bxf3 26. Rxe5 Rcg8 27. Kf2 Bc6 28. R5e2 Rxg2+ 29. Ke3 Rgg8 30. Kf4 Bd5 31. Nc5 Bc6 32. Bd7 Bd5 33. Re8+ Ka7 34. b3 Bf7 35. Rxg8 Rxg8 36. Re7 Bh5 37. Bh3 Kb6 38. Nd7+ Kc6 39. Nxf6 Rf8 40. Ke5 Bg6 41. a4 Bc2 42. Re6+ 1-0

[Event "GER-ch U18 Girls"]
[Site "Willingen"]
[Date "2004.06.01"]
[Round "6"]
[White "Beltz, Carmen"]
[Black "Auburger, Kristin"]
[Result "1-0"]
[WhiteElo "1763"]
[BlackElo "1609"]
[PlyCount "69"]
[EventDate "2004.06.??"]
[EventType "swiss"]
[EventRounds "9"]
[EventCountry "GER"]
[SourceTitle "EXT 2005"]
[Source "ChessBase"]
[SourceDate "2004.11.15"]
[SourceVersion "1"]
[SourceVersionDate "2004.11.15"]
[SourceQuality "1"]

1. e4 d5 2. exd5 Qxd5 3. Nc3 Qa5 4. d4 c6 5. Bc4 Nf6 6. Nf3 Bf5 7. Bd2 e6 8. Qe2 Bb4 9. 0-0-0 Nbd7 10. a3 Bxc3 11. Bxc3 Qc7 12. Ne5 b5 13. Bb3 Be4 14. f4 0-0 15. Rhf1 Bd5 16. Bxd5 Nxd5 17. Bd2 a5 18. Rf3 Rfb8 19. g4 N7b6 20. f5 exf5 21. gxf5 b4 22. Rg1 f6 23. Nc4 Re8 24. Qf1 Qxh2 25. Nxb6 Nxb6 26. Rh1 Qd6 27. Qh3 h6 28. Bxh6 bxa3 29. Rxa3 Nc4 30. Rg3 Ra7 31. Rxg7+ Rxg7 32. Bxg7 Qf4+ 33. Kb1 Qxd4 34. Qh7+ Kf7 35. Bh6# 1-0

[Event "GER-ch U18 Girls"]
[Site "Willingen"]
[Date "2004.05.31"]
[Round "4"]
[White "Beltz, Franziska"]
[Black "Auburger, Kristin"]
[Result "1-0"]
[WhiteElo "2028"]
[BlackElo "1609"]
[PlyCount "87"]
[EventDate "2004.06.??"]
[EventType "swiss"]
[EventRounds "9"]
[EventCountry "GER"]
[SourceTitle "EXT 2005"]
[Source "ChessBase"]
[SourceDate "2004.11.15"]
[SourceVersion "1"]
[SourceVersionDate "2004.11.15"]
[SourceQuality "1"]

1. e4 d5 2. exd5 Qxd5 3. Nc3 Qa5 4. d4 c6 5. Bc4 Bf5 6. Nf3 Nf6 7. Bd2 e6 8. Qe2 Bb4 9. 0-0-0 Nbd7 10. a3 Bxc3 11. Bxc3 Qc7 12. Ne5 Nxe5 13. dxe5 Nd5 14. Bd2 0-0-0 15. g4 Bg6 16. f4 h5 17. h3 Kb8 18. Rhf1 hxg4 19. hxg4 Qb6 20. Rde1 Ne7 21. Rf3 a5 22. Rb3 Qc7 23. Be3 Nd5 24. Bg1 a4 25. Rf3 Qa5 26. Qf2 b5 27. Ba2 Ne7 28. Rc3 Kb7 29. Qc5 Rd7 30. f5 exf5 31. e6 fxe6 32. Bxe6 Rc7 33. gxf5 Be8 34. Bf2 Ka6 35. Kb1 Rb7 36. Rd3 Rh5 37. Bc8 Nxc8 38. Rxe8 Rh1+ 39. Ka2 Qc7 40. Re6 Na7 41. Rdd6 Rb6 42. Qxb6+ Qxb6 43. Bxb6 Kxb6 44. Rd7 1-0

[Event "GER-ch U18 Girls"]
[Site "Willingen"]
[Date "2003.06.13"]
[Round "8"]
[White "Lunz, Pia"]
[Black "Auburger, Kristin"]
[Result "1/2-1/2"]
[WhiteElo "1593"]
[BlackElo "1728"]
[PlyCount "38"]
[EventDate "2003.06.08"]
[EventType "swiss"]
[EventRounds "9"]
[EventCountry "GER"]
[SourceTitle "CBM 094 Extra"]
[Source "ChessBase"]
[SourceDate "2003.07.09"]
[SourceVersion "2"]
[SourceVersionDate "2003.07.09"]
[SourceQuality "1"]

1. d4 d5 2. c4 e6 3. Nc3 c6 4. e3 Nf6 5. Nf3 Nbd7 6. Bd3 Bd6 7. 0-0 0-0 8. e4 dxe4 9. Nxe4 Nxe4 10. Bxe4 Nf6 11. Bc2 c5 12. dxc5 Bxc5 13. h3 h6 14. Qe2 Qc7 15. b3 b6 16. Bb2 Qe7 17. Ne5 Bb7 18. Rad1 Rfd8 19. Ng4 Nxg4 1/2-1/2

[Event "GER-ch U18 Girls"]
[Site "Willingen"]
[Date "2003.06.10"]
[Round "6"]
[White "Horstmann, Astrid"]
[Black "Auburger, Kristin"]
[Result "1/2-1/2"]
[WhiteElo "1993"]
[BlackElo "1728"]
[PlyCount "137"]
[EventDate "2003.06.08"]
[EventType "swiss"]
[EventRounds "9"]
[EventCountry "GER"]
[SourceTitle "CBM 094 Extra"]
[Source "ChessBase"]
[SourceDate "2003.07.09"]
[SourceVersion "2"]
[SourceVersionDate "2003.07.09"]
[SourceQuality "1"]

1. c4 e5 2. Nc3 Nc6 3. g3 g6 4. Bg2 Bg7 5. d3 d6 6. e3 Nge7 7. Nge2 0-0 8. 0-0 Be6 9. Nd5 Qd7 10. Rb1 f5 11. b4 a6 12. a4 Nd8 13. b5 axb5 14. axb5 Rb8 15. Qa4 Nf7 16. Qa7 Bxd5 17. Bxd5 Nxd5 18. cxd5 b6 19. Qa4 Ra8 20. Qc4 Ra7 21. Bb2 Rfa8 22. Nc3 Ng5 23. f4 Nf7 24. Ra1 Rxa1 25. Bxa1 Re8 26. Na2 Nh6 27. h3 exf4 28. Bxg7 Qxg7 29. exf4 Qb2 30. Nc3 Re3 31. Qa2 Rxg3+ 32. Kh1 Rxh3+ 33. Kg1 Qxa2 34. Nxa2 Rxd3 35. Nb4 Rb3 36. Nc6 Rxb5 37. Re1 Kf8 38. Re7 Rxd5 39. Rxc7 Nf7 40. Rc8+ Kg7 41. Rb8 Rd1+ 42. Kf2 Ra1 43. Rb7 Ra8 44. Rxb6 h5 45. Nd4 Kf6 46. Nb5 Rd8 47. Nc7 Rd7 48. Nd5+ Kg7 49. Kg3 Ra7 50. Rb3 Ra5 51. Rd3 Kh6 52. Kh4 Ra4 53. Kg3 g5 54. fxg5+ Kxg5 55. Nc7 Rg4+ 56. Kh3 Rh4+ 57. Kg2 Re4 58. Nb5 h4 59. Nxd6 Nxd6 60. Rxd6 Kf4 61. Ra6 Rd4 62. Ra8 Ke3 63. Re8+ Re4 64. Ra8 Rd4 65. Re8+ Kd3 66. Kf3 Kd2 67. Rf8 Rd5 68. Rh8 h3 69. Kf4 1/2-1/2